Voto particular del diputado Francisco G. Cosmes tercer miembro de la Comisión de Enseñanza Elemental Obligatoria

Detalles Bibliográficos
Formato: Libro
Lenguaje:Spanish
Publicado: México : imprenta de "El Partido Liberal", Avenida Poniente 6, número 11, 1889.
Materias:
Colección:Banco de datos
Acervo:Universidad Autónoma Benito Juárez de Oaxaca. Biblioteca Francisco de Burgoa. Colección folletos
Descripción Física:15 p. ; 20 cm.
Tema general:Educación
Notas:Portada tipográfica con viñeta y pleca. Texto a renglón seguido con paginación en números arábigos. Falta encuadernación
LEADER 00796nam a22001570004500
035 |a 427 
041 0 |a spa 
245 1 0 |a Voto particular del diputado Francisco G. Cosmes tercer miembro de la Comisión de Enseñanza Elemental Obligatoria 
260 |a México : imprenta de "El Partido Liberal", Avenida Poniente 6, número 11, 1889.  
300 |a 15 p. ; 20 cm.  
500 |a Portada tipográfica con viñeta y pleca. Texto a renglón seguido con paginación en números arábigos. Falta encuadernación 
650 1 0 |a Educación 
852 |a Universidad Autónoma "Benito Juárez" de Oaxaca, Biblioteca Francisco de Burgoa, Colección folletos 25120 
942 |c BURFOL 
943 |g Universidad Autónoma Benito Juárez de Oaxaca. Biblioteca Francisco de Burgoa. Colección folletos 
999 |c 1118465  |d 1118465